Central Library OPAC University of Rajshahi

Statistical and computational methods in data analysis / (Record no. 7144)

MARC details
000 -LEADER
fixed length control field 00976cam a2200301 4500
001 - CONTROL NUMBER
control field 7144
003 - CONTROL NUMBER IDENTIFIER
rucl marc code BD-RjUL
005 - DATE AND TIME OF LATEST TRANSACTION
control field 20211208234354.0
008 - FIXED-LENGTH DATA ELEMENTS--GENERAL INFORMATION
fixed length control field 140113s1976 ne b 001 0 eng
035 ## - SYSTEM CONTROL NUMBER
System control number (BD-RjUL)7186
040 ## - CATALOGING SOURCE
Original cataloging agency DLC
Transcribing agency DLC
Modifying agency DLC
-- BD-RjUL
Language of cataloging eng
041 ## - LANGUAGE CODE
Language code of text/sound track or separate title eng
082 00 - DEWEY DECIMAL CLASSIFICATION NUMBER
Classification number 519
Author mark and year BRS 1976
100 1# - MAIN ENTRY--PERSONAL NAME
Personal name Brandt, Siegmund.
9 (RLIN) 22353
245 10 - TITLE STATEMENT
Title Statistical and computational methods in data analysis /
250 ## - EDITION STATEMENT
Edition statement 2nd revised ed.
260 ## - PUBLICATION, DISTRIBUTION, ETC. (IMPRINT)
Place of publication, distribution, etc. Amsterdam ;
-- New York :
Name of publisher, distributor, etc. North-Holland Pub. Co. ,
-- American Elsevier Pub. Co.,
Date of publication, distribution, etc. c1970 [1976].
300 ## - PHYSICAL DESCRIPTION
Pagination xvii, 414 p. :
Size 23 cm.
Illustrations ill. ;
350 ## - PRICE (NR) (BK AM CF MU VM SE) [OBSOLETE]
Price 54.00
500 ## - GENERAL NOTE
General note Translation of Statistische Methoden der Datenanalyse.
504 ## - BIBLIOGRAPHY, ETC. NOTE
Bibliography, etc Includes bibliography (p. [316]-318) and index.
650 #0 - SUBJECT ADDED ENTRY--TOPICAL TERM
Topical term or geographic name as entry element Probabilities.
9 (RLIN) 243
Topical term or geographic name as entry element Mathematical statistics.
9 (RLIN) 22354
942 ## - ADDED ENTRY ELEMENTS (KOHA)
Source of classification or shelving scheme Dewey Decimal Classification
Koha item type Books
Holdings
Lost status Source of classification or shelving scheme Damaged status Not for loan Collection code Permanent Location Current Location Shelving location Date acquired Source of acquisition Total Checkouts Full call number Date last seen Copy number Koha item type
  Dewey Decimal Classification     Non-fiction Central Library, University of Rajshahi Central Library, University of Rajshahi   18/04/1979 Nederland Gift   519 BRS 1976 13/01/2014 C-3 Books
  Dewey Decimal Classification   Not For Loan Non-fiction Central Library, University of Rajshahi Central Library, University of Rajshahi Reading Room 18/04/1979 Netherland   519 BRS 1976 12/04/2017 C-1 Books